[Event "XXIII Festival A"]
[Site "Porto San Giorgio ITA"]
[Date "2011.08.23"]
[Round "3"]
[White "Dietrich, Stefano"]
[Black "Barberi, Alessandro"]
[Result "0-1"]
[WhiteElo "1857"]
[BlackElo "2062"]
[PlyCount "68"]
[EventDate "2011.08.21"]

1. Nf3 g6 2. c4 Bg7 3. g3 e5 4. Nc3 Ne7 5. Bg2 O-O 6. O-O f5 7. d3 h6 8. Qb3
Nbc6 9. e3 Kh7 10. Bd2 d6 11. a4 Be6 12. Nd5 Rb8 13. Qa2 a5 14. Bc3 Qd7 15. Nd2
b6 16. b3 Bg8 17. Nxe7 Nxe7 18. f4 Rfe8 19. Qb2 c5 20. Rad1 Nc6 21. Nf3 Rbd8
22. Rfe1 Qc7 23. d4 e4 24. Nh4 Nb4 25. Bf1 d5 26. dxc5 Bxc3 27. Qxc3 Qxc5 28.
Qf6 Rd6 29. Qd4 Qc7 30. Rd2 Red8 31. Red1 Nd3 32. Bh3 dxc4 33. Qc3 Qc5 34. Nxf5
gxf5 0-1

[Event "XXIII Festival A"]
[Site "Porto San Giorgio ITA"]
[Date "2011.08.23"]
[Round "3"]
[White "Dobboletta, Alex"]
[Black "Faccia, Sergio"]
[Result "1-0"]
[WhiteElo "1910"]
[BlackElo "2078"]
[PlyCount "51"]
[EventDate "2011.08.21"]

1. e4 e5 2. Nf3 Nc6 3. Bb5 a6 4. Ba4 Nf6 5. d3 b5 6. Bb3 Bc5 7. O-O d6 8. c3
O-O 9. Re1 Bb7 10. Nbd2 Kh8 11. Nf1 Ng4 12. d4 Bb6 13. h3 Nf6 14. Ng3 exd4 15.
cxd4 d5 16. e5 Ne4 17. Nxe4 dxe4 18. Ng5 h6 19. Nxf7+ Rxf7 20. Bxf7 Bxd4 21.
Qh5 Qf8 22. e6 Ne7 23. Rd1 c5 24. Bg5 Rd8 25. Qh4 Nf5 26. e7 1-0

[Event "XXIII Festival A"]
[Site "Porto San Giorgio ITA"]
[Date "2011.08.23"]
[Round "3"]
[White "Fagnani, Alessandro"]
[Black "Barlocco, Carlo"]
[Result "0-1"]
[WhiteElo "1955"]
[BlackElo "2135"]
[PlyCount "137"]
[EventDate "2011.08.21"]

1. e4 c6 2. d4 d5 3. Nc3 dxe4 4. Nxe4 Nd7 5. Nf3 Ngf6 6. Nxf6+ Nxf6 7. Bd3 Bg4
8. c3 e6 9. Bf4 Bd6 10. Bxd6 Qxd6 11. Qe2 O-O 12. Qe5 Qe7 13. Ng5 Rfd8 14. Ne4
Bf5 15. Nxf6+ gxf6 16. Qg3+ Bg6 17. O-O-O c5 18. dxc5 Qxc5 19. Rd2 Rd5 20. Bxg6
hxg6 21. Rxd5 Qxd5 22. Rd1 Qc6 23. Rd6 Qc7 24. Rd4 e5 25. Rh4 Qd7 26. Qh3 Qxh3
27. Rxh3 Rd8 28. Re3 Kf8 29. Kc2 Ke7 30. Rd3 Rh8 31. h3 f5 32. Rd5 Ke6 33. c4
g5 34. Kd3 g4 35. hxg4 fxg4 36. g3 Rh1 37. Rb5 b6 38. c5 Rd1+ 39. Ke2 Rd5 40.
b4 bxc5 41. bxc5 Rd7 42. a4 f5 43. a5 Rc7 44. a6 Rc6 45. Rb7 Rxa6 46. c6 Ra5
47. Rb3 Rc5 48. Rb7 Ra5 49. Rb3 Kd6 50. Rc3 Kc7 51. Ke3 Rd5 52. Ke2 a5 53. Rc4
Rb5 54. Ke3 Rd5 55. Ke2 Rd4 56. Rc5 a4 57. Rc3 f4 58. Rc5 f3+ 59. Ke3 Rb4 60.
Rxe5 Kxc6 61. Ra5 Kb6 62. Ra8 Kb5 63. Kd3 Rb3+ 64. Kc2 Kb4 65. Rc8 Ka3 66. Kc1
Rb2 67. Rc3+ Ka2 68. Rc4 a3 69. Rc3 0-1

[Event "XXIII Festival A"]
[Site "Porto San Giorgio ITA"]
[Date "2011.08.23"]
[Round "3"]
[White "Fierro Baquero, Martha Lorena"]
[Black "Calandri, Fausto"]
[Result "1-0"]
[WhiteElo "2381"]
[BlackElo "2118"]
[PlyCount "79"]
[EventDate "2011.08.21"]

1. e4 d5 2. exd5 Qxd5 3. Nc3 Qa5 4. Bc4 c6 5. d4 Nf6 6. Nf3 Bf5 7. Bd2 e6 8.
Nd5 Qd8 9. Nxf6+ gxf6 10. Qe2 Nd7 11. O-O-O Nb6 12. Bb3 a5 13. a4 Bb4 14. Nh4
Bxd2+ 15. Rxd2 Bg6 16. f4 f5 17. Nxg6 hxg6 18. Bxe6 O-O 19. Bb3 Qd6 20. Qe5 Qb4
21. h4 Rfe8 22. Qf6 Nd5 23. Bxd5 cxd5 24. h5 Qe7 25. Qxe7 Rxe7 26. g3 Rae8 27.
hxg6 fxg6 28. Rdh2 Re1+ 29. Kd2 Rxh1 30. Rxh1 Re4 31. c3 Kg7 32. Re1 Kf6 33.
Re3 g5 34. fxg5+ Kxg5 35. Rxe4 dxe4 36. d5 Kg4 37. d6 Kxg3 38. d7 Kf2 39. d8=Q
e3+ 40. Kd3 1-0

[Event "XXIII Festival A"]
[Site "Porto San Giorgio ITA"]
[Date "2011.08.23"]
[Round "3"]
[White "Franzini, Stefano"]
[Black "Panjkovic, Aleksandar"]
[Result "0-1"]
[WhiteElo "1848"]
[BlackElo "2173"]
[PlyCount "62"]
[EventDate "2011.08.21"]

1. d4 d6 2. Nf3 g6 3. Bf4 Bg7 4. e3 Nd7 5. c3 e5 6. Bg3 Qe7 7. Be2 Ngf6 8. h3
O-O 9. O-O Ne4 10. Bh2 f5 11. Nbd2 Nxd2 12. Nxd2 Kh8 13. Rc1 g5 14. Nb3 Nf6 15.
c4 f4 16. c5 Bf5 17. cxd6 cxd6 18. dxe5 dxe5 19. exf4 Rfd8 20. Qe1 gxf4 21. Bc4
Bh6 22. Rd1 Rxd1 23. Qxd1 Rd8 24. Qc1 Qg7 25. Qc3 Ne4 26. Qa5 b6 27. Qe1 Nd6
28. Qc3 Nxc4 29. Qxc4 Bd3 30. Rd1 Bxc4 31. Rxd8+ Bg8 0-1

[Event "XXIII Festival A"]
[Site "Porto San Giorgio ITA"]
[Date "2011.08.23"]
[Round "3"]
[White "Giampieri, Stefano"]
[Black "Tribuiani, Renato"]
[Result "1-0"]
[WhiteElo "1847"]
[BlackElo "2029"]
[PlyCount "117"]
[EventDate "2011.08.21"]

1. d4 d5 2. c4 c6 3. Nc3 e6 4. e3 f5 5. Nf3 Bd6 6. Bd3 Nf6 7. O-O O-O 8. Qc2
Ne4 9. Ne5 Nd7 10. f3 Ng5 11. Nxd7 Bxd7 12. Bd2 Qf6 13. Ne2 Nf7 14. f4 Nh6 15.
c5 Bc7 16. Qc1 Kh8 17. Qe1 Rg8 18. Kh1 Be8 19. Ng1 Bh5 20. Be2 Bxe2 21. Qxe2
Ng4 22. h3 Qh6 23. Nf3 Rgf8 24. Ng5 Rae8 25. b4 Nf6 26. a4 Qh5 27. Qxh5 Nxh5
28. Kg1 h6 29. Nf3 Ng3 30. Rfb1 a6 31. b5 Rb8 32. Rb2 Kh7 33. Rab1 axb5 34.
axb5 Ra8 35. bxc6 bxc6 36. Ne5 Bxe5 37. fxe5 Rf7 38. Rb7 Rxb7 39. Rxb7 Ra1+ 40.
Be1 Rxe1+ 41. Kf2 Re2+ 42. Kxg3 Rxe3+ 43. Kf2 Re4 44. Re7 Rxd4 45. Rxe6 Re4 46.
Rxc6 Rxe5 47. Rd6 d4 48. c6 d3 49. Rxd3 Rc5 50. Rd6 Kg8 51. h4 Kf8 52. Kf3 Rc4
53. g3 Ke7 54. Rg6 Kf7 55. h5 Kf8 56. Ke3 Re4+ 57. Kd3 Re7 58. Kd4 Ke8 59. Kd5
1-0

[Event "XXIII Festival A"]
[Site "Porto San Giorgio ITA"]
[Date "2011.08.23"]
[Round "3"]
[White "Giancotti, Eraldo"]
[Black "Carnicelli, Valerio"]
[Result "1-0"]
[WhiteElo "2070"]
[BlackElo "1898"]
[PlyCount "135"]
[EventDate "2011.08.21"]

1. Nf3 d5 2. d4 e6 3. g3 Bd6 4. Bg2 f6 5. c4 c6 6. O-O Ne7 7. Nc3 O-O 8. b3 b6
9. Bb2 Bb4 10. a3 Bxc3 11. Bxc3 Ba6 12. Nd2 f5 13. Bb2 Nd7 14. Rc1 Rc8 15. Re1
Ng6 16. b4 b5 17. c5 Nf6 18. Ra1 f4 19. e3 fxg3 20. hxg3 h5 21. Qc2 Qe8 22. e4
Qf7 23. Re3 Ng4 24. Rf3 Qe8 25. Re1 Rxf3 26. Nxf3 Qf7 27. Bc1 Rf8 28. Rf1 Ne7
29. Ng5 Qg6 30. f3 Nh6 31. Qe2 Nf7 32. Qe3 Nxg5 33. Qxg5 Qxg5 34. Bxg5 Kf7 35.
Ra1 Rd8 36. exd5 Rxd5 37. f4 Rxd4 38. Bxe7 Kxe7 39. Bxc6 h4 40. gxh4 Rxf4 41.
Rd1 Bc8 42. Bxb5 Rxh4 43. Kf2 Rh3 44. Bd3 Rh2+ 45. Ke3 Ra2 46. Rg1 Kf7 47. b5
Rxa3 48. Rf1+ Ke7 49. Kd2 Ra2+ 50. Kc3 Ra3+ 51. Kc2 Ra2+ 52. Kb3 Ra5 53. Kb4
Ra2 54. Rh1 a6 55. Rh8 Bd7 56. bxa6 g5 57. Rg8 g4 58. Kb3 Ra5 59. Kb4 Ra4+ 60.
Kc3 Ra5 61. Rg5 Kf6 62. Rg6+ Kf7 63. Rxg4 Rxc5+ 64. Rc4 Ra5 65. Rc7 Ke8 66. Kb4
Ra4+ 67. Kc5 Kd8 68. Rxd7+ 1-0

[Event "XXIII Festival A"]
[Site "Porto San Giorgio ITA"]
[Date "2011.08.23"]
[Round "3"]
[White "Gilevych, Artem"]
[Black "Mastroddi, Emiliano"]
[Result "1-0"]
[WhiteElo "2264"]
[BlackElo "2083"]
[PlyCount "129"]
[EventDate "2011.08.21"]

1. d4 Nf6 2. Nf3 g6 3. c4 Bg7 4. Nc3 O-O 5. e4 d6 6. Be2 e5 7. O-O Na6 8. Re1
exd4 9. Nxd4 Nc5 10. Bf1 Re8 11. f3 Ne6 12. Nxe6 Bxe6 13. Bg5 h6 14. Be3 a6 15.
Qd2 Kh7 16. Rac1 Nd7 17. b3 Ne5 18. Red1 f5 19. exf5 Bxf5 20. Qf2 Qe7 21. Nd5
Qf7 22. h3 Rad8 23. g4 Be6 24. f4 Nc6 25. Bg2 Rg8 26. Rc2 Rde8 27. a3 a5 28.
Kh1 h5 29. Qg3 hxg4 30. hxg4 Rh8 31. Rf2 Qd7 32. Bf3 Kg8+ 33. Kg1 Ne7 34. Bc1
Nxd5 35. cxd5 Bf7 36. Rc2 c5 37. dxc6 bxc6 38. Rxc6 Qa7+ 39. Kg2 Bxb3 40. Rdxd6
Bf7 41. Rd2 a4 42. Rdc2 Qd7 43. Rc7 Qd6 44. Rc8 Bf6 45. g5 Bd4 46. Rxe8+ Bxe8
47. Qe1 Qf8 48. f5 gxf5 49. Bc6 Rh2+ 50. Kxh2 Qd6+ 51. Bf4 Qxf4+ 52. Qg3 Bg1+
53. Kg2 Bxc6+ 54. Rxc6 Qxg3+ 55. Kxg3 Be3 56. Rf6 Bc1 57. Rxf5 Bxa3 58. Ra5
Bd6+ 59. Kg4 a3 60. Kf5 Be7 61. Kg6 Bb4 62. Ra8+ Bf8 63. Rb8 a2 64. Ra8 a1=Q
65. Rxa1 1-0

[Event "XXIII Festival A"]
[Site "Porto San Giorgio ITA"]
[Date "2011.08.23"]
[Round "3"]
[White "Giobbi, Costantino"]
[Black "Mazzarini, Daniele"]
[Result "1-0"]
[WhiteElo "1878"]
[BlackElo "1813"]
[PlyCount "53"]
[EventDate "2011.08.21"]

1. e4 c6 2. d4 d5 3. Nc3 dxe4 4. Nxe4 Nd7 5. Nf3 Ngf6 6. Ng3 e6 7. Bd3 Bd6 8.
O-O O-O 9. Re1 c5 10. c3 b6 11. Qe2 Bb7 12. dxc5 Nxc5 13. Bc2 Ba6 14. c4 Qc7
15. b3 Bf4 16. Bb2 Ncd7 17. Ne4 Qd8 18. Rad1 Qe7 19. Nd4 e5 20. Nc6 Qe6 21. Rd6
Qe8 22. Nxf6+ Nxf6 23. Rxf6 Bb7 24. Qe4 g6 25. Qf3 Kg7 26. Rd6 Rc8 27. Qxf4 1-0

[Event "XXIII Festival A"]
[Site "Porto San Giorgio ITA"]
[Date "2011.08.23"]
[Round "3"]
[White "Lapenna, Antonio"]
[Black "Prohaszka, Peter"]
[Result "0-1"]
[WhiteElo "2150"]
[BlackElo "2547"]
[PlyCount "136"]
[EventDate "2011.08.21"]

1. d4 Nf6 2. Nf3 d5 3. g3 e6 4. Bg2 Be7 5. O-O O-O 6. b3 a5 7. c4 a4 8. Ba3
Nbd7 9. Bxe7 Qxe7 10. Nc3 Ne4 11. Qc2 Nxc3 12. Qxc3 c6 13. Rfe1 Rd8 14. e4 dxe4
15. Rxe4 axb3 16. axb3 Rxa1+ 17. Qxa1 c5 18. d5 Nf6 19. Re1 Qc7 20. dxe6 Bxe6
21. Ng5 Bf5 22. Ne4 Bxe4 23. Bxe4 h6 24. Bg2 b6 25. Qc3 Qd6 26. Ra1 Re8 27. h3
Re2 28. Qf3 Re8 29. Ra8 Rxa8 30. Qxa8+ Kh7 31. Bd5 Qc7 32. Kg2 g5 33. Qa1 Kg6
34. Qb1+ Kg7 35. Bf3 Qe5 36. Qd1 Qc3 37. Bd5 Qe5 38. Bf3 Ne8 39. Qd7 Qe6 40.
Qd3 Nd6 41. b4 Nxc4 42. bxc5 bxc5 43. Qc3+ Kg8 44. Qc2 Ne5 45. Qxc5 Nxf3 46.
Kxf3 Qxh3 47. Qe5 Qh1+ 48. Ke2 Qc6 49. Kf1 Kh7 50. g4 Qc4+ 51. Ke1 Qxg4 52. Qc7
Qf4 53. Qc2+ Kg7 54. Kf1 h5 55. Qc3+ Qf6 56. Qb4 h4 57. Kg2 Qc6+ 58. Kh2 Qf3
59. Qd4+ Kg6 60. Qb6+ f6 61. Qb1+ Kh6 62. Qf1 Kh5 63. Qg1 g4 64. Qe1 Qxf2+ 65.
Qxf2 g3+ 66. Qxg3 hxg3+ 67. Kxg3 Kg5 68. Kf3 Kf5 0-1

[Event "XXIII Festival A"]
[Site "Porto San Giorgio ITA"]
[Date "2011.08.23"]
[Round "3"]
[White "Lapenna, Michelangelo"]
[Black "Di Martino, Antonio"]
[Result "1-0"]
[WhiteElo "1888"]
[BlackElo "1841"]
[PlyCount "171"]
[EventDate "2011.08.21"]

1. d4 d5 2. Nf3 Nf6 3. c4 e6 4. Bg5 Be7 5. e3 O-O 6. Nc3 Nbd7 7. Bd3 dxc4 8.
Bxc4 a6 9. a4 c5 10. O-O Nb6 11. Be2 cxd4 12. Nxd4 Nfd5 13. Bxe7 Qxe7 14. a5
Nxc3 15. bxc3 Nd5 16. Qb3 Qc7 17. Bf3 Nf6 18. Rfb1 e5 19. Nc2 Rb8 20. Nb4 Be6
21. Qb2 Rfc8 22. e4 Bc4 23. Rd1 Bb5 24. Nd5 Nxd5 25. Rxd5 f6 26. Bg4 Qxc3 27.
Rxb5 axb5 28. Qa2+ Kf8 29. Bxc8 Rxc8 30. Rd1 Qc4 31. Qd2 Qc7 32. h3 Ke8 33. Qd5
Kf8 34. Qxb5 Qc6 35. Qb4+ Kf7 36. Rb1 Rc7 37. Qb3+ Qe6 38. Qb4 Qc6 39. Qb3+ Qe6
40. Qb5 h6 41. Rd1 Qc6 42. Qd3 Kg6 43. h4 Qc3 44. Qe2 Qxa5 45. Qg4+ Kh7 46. h5
Qa8 47. Qf5+ Kh8 48. Qe6 Qc8 49. Qb6 Kh7 50. Qe3 b5 51. Rb1 Rb7 52. Qb3 b4 53.
Qg3 Rb8 54. Qg6+ Kg8 55. Ra1 Qe8 56. Qxe8+ Rxe8 57. Kf1 b3 58. Rb1 Rb8 59. Ke2
Kf7 60. Kd3 Ke6 61. Kc3 f5 62. f3 fxe4 63. fxe4 Kf6 64. Rxb3 Rxb3+ 65. Kxb3 Kg5
66. Kc4 Kxh5 67. Kd5 g5 68. Kxe5 Kg6 69. Kd6 Kf7 70. e5 Ke8 71. Ke6 g4 72. Kf5
h5 73. Kg5 Ke7 74. Kxh5 g3 75. Kg5 Kf7 76. Kf5 Ke7 77. e6 Ke8 78. Kg4 Ke7 79.
Kxg3 Kxe6 80. Kg4 Kf6 81. Kh5 Kg7 82. Kg5 Kf7 83. Kh6 Kg8 84. g4 Kh8 85. g5 Kg8
86. Kg6 1-0

[Event "XXIII Festival A"]
[Site "Porto San Giorgio ITA"]
[Date "2011.08.23"]
[Round "3"]
[White "Madiai, Federico"]
[Black "Di Mantino, Mauro"]
[Result "1-0"]
[WhiteElo "2195"]
[BlackElo "1954"]
[PlyCount "83"]
[EventDate "2011.08.21"]

1. d4 Nf6 2. c4 g6 3. f3 Bg7 4. e4 d6 5. Nc3 O-O 6. Be3 b6 7. Be2 Bb7 8. Nh3 c5
9. d5 e6 10. O-O exd5 11. cxd5 a6 12. a4 Re8 13. Qd2 Nbd7 14. Nf2 Bc8 15. g4 h5
16. g5 Nh7 17. f4 f6 18. h4 Ndf8 19. Bd3 f5 20. exf5 Bxf5 21. Bxf5 gxf5 22.
Rae1 Ng6 23. Qd1 Rxe3 24. Rxe3 Nxf4 25. Qf3 Be5 26. Kh1 Nf8 27. Nd3 N8g6 28.
Nxf4 Nxf4 29. Ne2 Nxe2 30. Qxe2 Qe8 31. Rxf5 Qxa4 32. Qxh5 Qa1+ 33. Kg2 Qxb2+
34. Rf2 Qd4 35. Qg6+ Kh8 36. Qh6+ Kg8 37. Qe6+ Kh8 38. Ref3 Bg7 39. h5 Rf8 40.
h6 Be5 41. g6 Qe4 42. g7+ 1-0

[Event "XXIII Festival A"]
[Site "Porto San Giorgio ITA"]
[Date "2011.08.23"]
[Round "3"]
[White "Mantovani, Enrico"]
[Black "Cantoro, Daniele"]
[Result "1/2-1/2"]
[WhiteElo "1758"]
[BlackElo "1999"]
[PlyCount "87"]
[EventDate "2011.08.21"]

1. b3 d5 2. Bb2 c5 3. e3 Nc6 4. Nf3 e6 5. Be2 Nf6 6. O-O Bd6 7. d3 O-O 8. Nbd2
Rb8 9. c4 Qe7 10. d4 cxd4 11. exd4 Ne4 12. a3 a5 13. Qc2 f5 14. Ne5 Nxe5 15.
dxe5 Bc5 16. Nf3 Bd7 17. Bd4 Rbc8 18. Qb2 b6 19. Rfc1 Be8 20. cxd5 exd5 21. b4
Bxd4 22. Qxd4 Rxc1+ 23. Rxc1 axb4 24. axb4 Qb7 25. Ra1 Qc6 26. h3 Bh5 27. Bd1
Bxf3 28. gxf3 Qc3 29. Qxc3 Nxc3 30. Bb3 Re8 31. Re1 Kf7 32. Re3 Rc8 33. f4 Ke6
34. h4 Ne4 35. Rd3 Nc3 36. Kg2 h6 37. h5 Rc7 38. Rg3 b5 39. Rg6+ Kf7 40. Rd6
Ne2 41. Bxd5+ Ke7 42. Kf3 Nd4+ 43. Kg2 Ne2 44. Kf3 1/2-1/2

[Event "XXIII Festival A"]
[Site "Porto San Giorgio ITA"]
[Date "2011.08.23"]
[Round "3"]
[White "Marcugini, Stefano"]
[Black "Piccinini, Samuele"]
[Result "0-1"]
[WhiteElo "1824"]
[BlackElo "1903"]
[PlyCount "31"]
[EventDate "2011.08.21"]

1. e4 e6 2. d4 d5 3. exd5 exd5 4. Bd3 Bd6 5. h3 Nc6 6. c3 Nge7 7. Qc2 Be6 8.
Ne2 Qd7 9. O-O g5 10. Bxg5 Rg8 11. Bf4 Rxg2+ 12. Kxg2 Bxh3+ 13. Kh2 Bxf1 14.
Ng1 Bxf4+ 15. Kh1 Bxd3 16. Qxd3 0-1

[Event "XXIII Festival A"]
[Site "Porto San Giorgio ITA"]
[Date "2011.08.23"]
[Round "3"]
[White "Marinone, Lucio"]
[Black "Palit, Somak"]
[Result "0-1"]
[WhiteElo "2002"]
[BlackElo "2372"]
[PlyCount "64"]
[EventDate "2011.08.21"]

1. d4 e6 2. c4 b6 3. Nf3 Bb7 4. Nc3 d6 5. g3 Nd7 6. Bg2 g6 7. O-O Bg7 8. Re1
Ne7 9. e4 O-O 10. Bg5 h6 11. Be3 e5 12. Nd5 c5 13. Nxe7+ Qxe7 14. d5 f5 15. Nh4
f4 16. Nxg6 Qf7 17. Nxf8 fxe3 18. fxe3 Nxf8 19. Bh3 Bc8 20. Rf1 Qg6 21. Bf5
Bxf5 22. exf5 Qg5 23. Qf3 e4 24. Qxe4 Bxb2 25. Rab1 Be5 26. f6 Kf7 27. Rf5 Qg6
28. Rbf1 Nd7 29. R1f4 h5 30. Rh4 Nxf6 31. Rxe5 Nxe4 32. Rexe4 Re8 0-1

[Event "XXIII Festival A"]
[Site "Porto San Giorgio ITA"]
[Date "2011.08.23"]
[Round "3"]
[White "Martorelli, Angelo"]
[Black "Bondielli, Giorgio"]
[Result "1/2-1/2"]
[WhiteElo "1812"]
[BlackElo "1885"]
[PlyCount "101"]
[EventDate "2011.08.21"]

1. d3 e5 2. Nf3 Nc6 3. g3 g6 4. Bg2 Nf6 5. Bg5 Bg7 6. Nbd2 d6 7. Ne4 h6 8.
Nxf6+ Bxf6 9. Bxf6 Qxf6 10. c3 Be6 11. Qa4 Bd7 12. Qb3 Rb8 13. Nd2 O-O 14. Ne4
Qe7 15. O-O Be6 16. c4 Qd8 17. Nc3 Kg7 18. e3 Ne7 19. a4 c6 20. Qc2 Qd7 21. f4
Bh3 22. fxe5 Bxg2 23. Qxg2 dxe5 24. Rad1 f5 25. b4 Qd6 26. c5 Qe6 27. Qb2 Nd5
28. Nxd5 Qxd5 29. d4 e4 30. Rf2 Rf7 31. Rdf1 Rbf8 32. b5 Kh7 33. Qa2 Rd8 34.
Qxd5 Rxd5 35. bxc6 bxc6 36. Rb2 Rdd7 37. a5 g5 38. a6 f4 39. gxf4 gxf4 40. Rxf4
Rxf4 41. exf4 Rxd4 42. Rb7+ Kg6 43. Rxa7 Kf5 44. Ra8 Kg4 45. a7 Kf3 46. h4 Ra4
47. f5 e3 48. Rb8 Rxa7 49. f6 Rf7 50. Rb1 Ke4 51. Rb4+ 1/2-1/2

[Event "XXIII Festival A"]
[Site "Porto San Giorgio ITA"]
[Date "2011.08.23"]
[Round "3"]
[White "Mastroddi, Giuseppe"]
[Black "Certic, Branimir"]
[Result "0-1"]
[WhiteElo "1732"]
[BlackElo "2402"]
[PlyCount "72"]
[EventDate "2011.08.21"]

1. d4 d6 2. Nf3 g6 3. e3 Bg7 4. Bd3 Nd7 5. O-O Ngf6 6. b3 O-O 7. Bb2 e5 8. Nbd2
Re8 9. dxe5 Ng4 10. Be2 Ndxe5 11. c3 Qe7 12. Re1 Nxf2 13. Qc1 Nfd3 14. Qc2 Nxe1
15. Rxe1 Bg4 16. Nxe5 Bxe2 17. Rxe2 Qxe5 18. Nf1 Re7 19. c4 Qxb2 20. Qxb2 Bxb2
21. Rxb2 Rae8 22. Kf2 Re5 23. g3 a6 24. Rc2 R8e6 25. Ke2 h5 26. Rc1 h4 27. a4
hxg3 28. hxg3 Rh5 29. Kf3 Rf6+ 30. Kg2 Rhf5 31. Kg1 Rf2 32. Rb1 Re2 33. a5 Rff2
34. b4 Rb2 35. c5 Rxb1 36. Kxf2 Rxb4 0-1

[Event "XXIII Festival A"]
[Site "Porto San Giorgio ITA"]
[Date "2011.08.23"]
[Round "3"]
[White "Mazzarella, Antonio"]
[Black "Tazzioli, Luca"]
[Result "1/2-1/2"]
[WhiteElo "2028"]
[BlackElo "1838"]
[PlyCount "117"]
[EventDate "2011.08.21"]

1. e4 d5 2. Nc3 Nf6 3. e5 Ne4 4. Nce2 Bf5 5. d3 Nc5 6. Ng3 Bg6 7. Be2 e6 8. Nf3
Ncd7 9. d4 c5 10. c3 Nc6 11. a3 Qb6 12. Bd3 Bxd3 13. Qxd3 Na5 14. Nd2 Rc8 15.
O-O Be7 16. b4 cxb4 17. cxb4 Nc4 18. Nxc4 Rxc4 19. Be3 Qc7 20. Rfc1 Nb6 21. Qe2
O-O 22. Rxc4 Qxc4 23. Qg4 Qd3 24. Ne2 Rc8 25. Nf4 Qe4 26. Qe2 Qc2 27. Kf1 Qxe2+
28. Kxe2 Bg5 29. Nxd5 Nxd5 30. Bxg5 Rc2+ 31. Kf3 b5 32. Rc1 Rxc1 33. Bxc1 Kf8
34. Bb2 Ke8 35. Ke4 Kd7 36. g3 Kc6 37. f4 f5+ 38. exf6 gxf6 39. f5 Kd6 40. fxe6
Kxe6 41. g4 a6 42. h3 Ne7 43. Bc1 Nd5 44. Bd2 Ne7 45. h4 Nd5 46. g5 fxg5 47.
Bxg5 Nc3+ 48. Kd3 Nd5 49. h5 Kf5 50. Bd2 Nf6 51. h6 Kg6 52. d5 Nxd5 53. Kd4 Nf6
54. Bc1 Ng4 55. Kc5 Nxh6 56. Bf4 Nf5 57. Kb6 Nd4 58. Kxa6 Kf5 59. Bh6 1/2-1/2

[Event "XXIII Festival A"]
[Site "Porto San Giorgio ITA"]
[Date "2011.08.23"]
[Round "3"]
[White "Miandro, Steven"]
[Black "Allegranti, Luca"]
[Result "1/2-1/2"]
[WhiteElo "1834"]
[BlackElo "2025"]
[PlyCount "50"]
[EventDate "2011.08.21"]

1. d4 f5 2. g3 Nf6 3. Bg2 g6 4. Nf3 Bg7 5. O-O O-O 6. c4 d6 7. Nc3 Qe8 8. d5 a5
9. Be3 Na6 10. Qc1 Nc5 11. Rd1 Ng4 12. Bf4 h6 13. h3 g5 14. Bxg5 hxg5 15. hxg4
fxg4 16. Nd4 Qf7 17. Qe3 Bd7 18. Rf1 Qf6 19. Rad1 Qe5 20. Qxe5 Bxe5 21. Ne4
Nxe4 22. Bxe4 Rf6 23. b3 Kg7 24. Kg2 Raf8 25. e3 Rh6 1/2-1/2

[Event "XXIII Festival A"]
[Site "Porto San Giorgio ITA"]
[Date "2011.08.23"]
[Round "3"]
[White "Mircoli, Filippo"]
[Black "Piantieri, Guido"]
[Result "0-1"]
[WhiteElo "1759"]
[BlackElo "1853"]
[PlyCount "112"]
[EventDate "2011.08.21"]

1. e4 e5 2. Nf3 Nc6 3. Bb5 Nf6 4. O-O Be7 5. Re1 d6 6. h3 O-O 7. c3 Bd7 8. Ba4
Ne8 9. d4 exd4 10. cxd4 f5 11. Nc3 fxe4 12. Nxe4 Kh8 13. Be3 d5 14. Nc3 Nf6 15.
a3 Bf5 16. Rc1 Ne4 17. Bxc6 bxc6 18. Ne5 Bd6 19. Nxe4 Bxe4 20. Nxc6 Qf6 21. Qg4
Bf5 22. Qg5 Qf7 23. Bf4 Bxh3 24. Bxd6 Qxf2+ 25. Kh2 cxd6 26. Rf1 Qxb2 27. Kxh3
Rxf1 28. Rxf1 Qc3+ 29. Rf3 Qxc6 30. Qe7 Qc8+ 31. Kh2 Qd8 32. Qb7 Qh4+ 33. Rh3
Qf4+ 34. Kh1 Re8 35. Qb1 Qxd4 36. Qb5 Rf8 37. Rf3 Re8 38. Rf4 Qe5 39. Rf2 Qe4
40. Rf4 Qg6 41. Rf1 Qh5+ 42. Kg1 h6 43. Qd7 Qg6 44. Qxa7 Re2 45. Qb8+ Kh7 46.
Rf2 Re1+ 47. Rf1 Rxf1+ 48. Kxf1 Qf6+ 49. Ke2 Qd4 50. Qxd6 Qe4+ 51. Kf2 d4 52.
g3 Qe3+ 53. Kf1 d3 54. Qf4 Qe2+ 55. Kg1 Qd1+ 56. Kf2 Qc2+ 0-1

[Event "XXIII Festival A"]
[Site "Porto San Giorgio ITA"]
[Date "2011.08.23"]
[Round "3"]
[White "Mogranzini, Roberto"]
[Black "Pescatore, Lorenzo"]
[Result "1-0"]
[WhiteElo "2433"]
[BlackElo "2121"]
[PlyCount "69"]
[EventDate "2011.08.21"]

1. c4 c5 2. g3 g6 3. Bg2 Bg7 4. Nc3 Nc6 5. a3 d6 6. Rb1 a5 7. d3 e5 8. Nf3 Nge7
9. O-O O-O 10. Bd2 h6 11. Ne1 Be6 12. Nc2 d5 13. cxd5 Nxd5 14. Ne3 Nxc3 15.
bxc3 Rb8 16. Rb5 Qd7 17. Rb6 c4 18. dxc4 Ne7 19. Bc1 Qc7 20. Qb3 Rfd8 21. a4
Nc8 22. Rxb7 Rxb7 23. Bxb7 Nb6 24. Ba6 f5 25. Rd1 Rxd1+ 26. Qxd1 f4 27. Nd5 Qd8
28. Bb5 fxg3 29. hxg3 e4 30. Be3 Bxd5 31. cxd5 Bxc3 32. d6 Bf6 33. Qb3+ Kg7 34.
Qe6 Qc8 35. d7 1-0

[Event "XXIII Festival A"]
[Site "Porto San Giorgio ITA"]
[Date "2011.08.23"]
[Round "3"]
[White "Morello, Guido"]
[Black "Maltempi, Angelo"]
[Result "0-1"]
[WhiteElo "1942"]
[BlackElo "1847"]
[PlyCount "38"]
[EventDate "2011.08.21"]

1. e4 d6 2. d4 g6 3. Nc3 Bg7 4. f4 c6 5. Bc4 b5 6. Bb3 b4 7. Nce2 Nd7 8. Nf3
Nb6 9. c3 a5 10. a4 bxa3 11. Rxa3 Nf6 12. Ng3 Ba6 13. Rxa5 O-O 14. h4 h5 15. f5
d5 16. e5 Ng4 17. Rxa6 Rxa6 18. Qd3 Ra1 19. O-O Bh6 0-1

[Event "XXIII Festival A"]
[Site "Porto San Giorgio ITA"]
[Date "2011.08.23"]
[Round "3"]
[White "Moroni, Luca jr"]
[Black "Foglia, Maurizio"]
[Result "0-1"]
[WhiteElo "1964"]
[BlackElo "2213"]
[PlyCount "117"]
[EventDate "2011.08.21"]

1. e4 c6 2. d4 d5 3. exd5 cxd5 4. Bd3 Nc6 5. c3 Qc7 6. Ne2 Bg4 7. O-O e6 8. f3
Bh5 9. Bf4 Bd6 10. Bxd6 Qxd6 11. Qd2 Bg6 12. Nf4 Nge7 13. Na3 a6 14. Nc2 Rc8
15. Rae1 O-O 16. Re2 Na5 17. Bxg6 hxg6 18. Nd3 Nc4 19. Qe1 Qb6 20. Ne3 Qb5 21.
Qd1 Nxe3 22. Rxe3 Nf5 23. Re2 Qc4 24. a4 b5 25. Nc5 Rfd8 26. Qd2 b4 27. Rc1
bxc3 28. bxc3 Rb8 29. Qa2 Qxa2 30. Rxa2 a5 31. Kf2 Nd6 32. Rcc2 Nc4 33. Ra1 Rb6
34. Re2 Kf8 35. g4 g5 36. h4 gxh4 37. f4 Ke7 38. Rae1 Kf6 39. g5+ Kf5 40. Kf3
Rh8 41. g6 Kxg6 42. Rg1+ Kh7 43. Rg4 g6 44. Rxh4+ Kg7 45. Rxh8 Kxh8 46. f5 exf5
47. Re7 Kg7 48. Rd7 Rb2 49. Rxd5 Rc2 50. Rd7 Rxc3+ 51. Kf2 Kf6 52. Rc7 Rc2+ 53.
Kg1 Ne3 54. d5 Rd2 55. Rc6+ Ke5 56. Nd7+ Kxd5 57. Ra6 Ke4 58. Nf6+ Kf3 59. Rxa5
0-1

[Event "XXIII Festival A"]
[Site "Porto San Giorgio ITA"]
[Date "2011.08.23"]
[Round "3"]
[White "Movileanu, Daniela"]
[Black "Liguori, Renato"]
[Result "1-0"]
[WhiteElo "1931"]
[BlackElo "2100"]
[PlyCount "99"]
[EventDate "2011.08.21"]

1. e4 e6 2. d3 d5 3. Nd2 c5 4. Ngf3 Nc6 5. g3 Bd6 6. Bg2 d4 7. O-O Nge7 8. Nc4
Bc7 9. a4 Rb8 10. Ne1 a6 11. f4 b5 12. axb5 axb5 13. Nd2 O-O 14. e5 Bb7 15. Ne4
c4 16. Qg4 Nd5 17. Ng5 h6 18. Nxe6 fxe6 19. Qxe6+ Kh8 20. Qxd5 Qxd5 21. Bxd5
Nb4 22. Bxb7 Rxb7 23. dxc4 bxc4 24. c3 Nc6 25. Ra4 Bb6 26. Kg2 Na5 27. cxd4 Nb3
28. Be3 Bxd4 29. Bxd4 Nxd4 30. Rf2 Rc8 31. Rd2 Nf5 32. Kf2 g5 33. g4 Nh4 34. f5
Rb3 35. Ra6 Rh3 36. Kg1 Re3 37. Ng2 Nf3+ 38. Kf2 Rb3 39. Rxh6+ Kg8 40. Rg6+ Kf8
41. Rd5 Nxh2 42. Ne3 Rxb2+ 43. Kg3 Re2 44. Rh6 Rxe3+ 45. Kxh2 Kg8 46. Rdd6 Rf8
47. Rdg6+ Kf7 48. Rh7+ Ke8 49. Re6+ Kd8 50. Ra7 1-0